Prevencia rizika vzniku plesní v okolí pripojovacej škáry okna

Gespeichert in:
Bibliographische Detailangaben
Hauptverfasser: Chmúrny, Ivan, 1950- (Verfasst von), Puškár, Anton, 1948- (Verfasst von), Panáček, Pavol, 1947- (Verfasst von)
Weitere Verfasser: Suchánek, Peter (Rezension), Mintál, Jozef (Rezension)
Format: Buch
Sprache:Slowakisch
Veröffentlicht: Bratislava : SLOVENERGOokno, 2018
Ausgabe:1. vyd.
Schlagworte:
Tags: Tag hinzufügen
Keine Tags, Fügen Sie das erste Tag hinzu!

MARC

LEADER 00000nam a22000003a 4500
001 0067862
003 SK-STU
005 20220228172316.4
007 ta
008 181017s -------||||||||||-|||-||----d
020 |a 978-80-972797-7-6 
035 |a biblio/77056  |2 CREPC2 
041 0 |a slo 
044 |a xo 
100 1 |4 aut  |a Chmúrny, Ivan,  |d 1950-  |u 010180  |r Z1  |9 35  |U SvF Stavebná fakulta  |T SvF Katedra konštrukcií pozemných stavieb  |X 865  |U V180  |Y 18  |7 A000000865 
242 0 0 |a Prevention of risk mould around window junctions  |y eng 
245 1 0 |a Prevencia rizika vzniku plesní v okolí pripojovacej škáry okna 
250 |a 1. vyd. 
260 |a Bratislava :  |b SLOVENERGOokno,  |c 2018 
300 |a 104 s. 
650 0 4 |a okno 
650 0 4 |a tepelný most 
650 0 4 |a prevencia 
650 0 4 |a plesne 
700 1 |4 aut  |a Puškár, Anton,  |d 1948-  |9 30  |u 010180  |r Z1  |U SvF Stavebná fakulta  |T SvF Katedra konštrukcií pozemných stavieb  |X 747  |U V180  |Y 18  |7 A000000747 
700 1 |4 aut  |a Panáček, Pavol,  |d 1947-  |9 35  |X 39823  |7 A000039823 
700 1 |4 rev  |a Suchánek, Peter 
700 1 |4 rev  |a Mintál, Jozef 
996 |b 284V038304  |c V* 53754/O-24824  |l VVT  |s P  |a 0  |w 0067862_0001